| 000 | 00625nam a2200205 a 4500 | ||
|---|---|---|---|
| 999 |
_c1903 _d1903 |
||
| 001 | 000370056 | ||
| 003 | CZ PrSKC | ||
| 005 | 20180321075920.0 | ||
| 008 | 991014s1992 ci cze | ||
| 040 |
_aABE454 _bcze |
||
| 080 | _a232.931.7(497.1)Medžugorje | ||
| 110 | 2 | _aŽupni ured Medugorje | |
| 245 | 1 | 2 |
_a" Jsem vaše Matka a Královna míru" : _bPanna Maria v Medžugorje / _cŽupni ured Medugorje |
| 250 | _a1. vyd. | ||
| 260 |
_aMedugorje : _bŽupni ured, _c1992 |
||
| 300 |
_a112 s. : _bfotografie |
||
| 653 | 0 |
_amísto poutní _amariánská úcta _aMedžugorje |
|